000 00515nam a2200157 i 4500
001 29939
003 ES-MaACL
005 20230906154119.0
007 t|
008 030123s1959 sp ||||1| spa d
100 1 _aBasilio de San Pablo.
_926293
245 1 0 _aVidas ejemplares
_b: Santa Gema Galgani /
_cpor el padre Basilio de San Pablo (pasionista).
260 _aMadrid :
_bApostolado de la Prensa,
_c[1959] (
_fJulio Fernández Hernández)
300 _a130 p. ;
_c15 cm.
852 _aES-MaACL
_jC-16409
_bR.44348
999 _c29939
_d29939